Relaciones públicas... / (Record no. 93075)

MARC details
000 -LEADER
campo de control de longitud fija 00623nam a2200181 i 4500
001 - NÚMERO DE CONTROL
campo de control 93075
003 - IDENTIFICADOR DE NÚMERO DE CONTROL
campo de control ES-MaACL
005 - FECHA Y HORA DE LA ÚLTIMA TRANSACCIÓN
campo de control 20230906181124.0
007 - CAMPO FIJO DE DESCRIPCIÓN FÍSICA--INFORMACIÓN GENERAL
campo de control de longitud fija t|
008 - DATOS DE LONGITUD FIJA--INFORMACIÓN GENERAL
campo de control de longitud fija 050407s1972 sp ||||1| spa d
100 1# - ENTRADA PRINCIPAL--NOMBRE DE PERSONA
Nombre de persona Lohgovoy, C.
9 (RLIN) 73133
245 10 - MENCIÓN DEL TÍTULO
Título Relaciones públicas... /
Mención de responsabilidad, etc. por C. Lohgovoy, M. Linon; prólogo, revisión y ampliación por Carlos Mª Tomás Bravo; [traducida por Horacio Rodríguez Guarez].
260 ## - PUBLICACIÓN, DISTRIBUCIÓN, ETC.
Lugar de publicación, distribución, etc. Barcelona :
Nombre del editor, distribuidor, etc. Hispano Europea,
Fecha de publicación, distribución, etc. 1972.
300 ## - DESCRIPCIÓN FÍSICA
Extensión 516 p. ;
Dimensiones 22 cm.
700 1# - ENTRADA AGREGADA--NOMBRE PERSONAL
Nombre de persona Linon, M.
9 (RLIN) 72457
700 1# - ENTRADA AGREGADA--NOMBRE PERSONAL
Nombre de persona Tomás Bravo, Carlos María.
9 (RLIN) 110509
852 ## - LOCALIZACIÓN
Ubicación ES-MaACL
Número de control de estantería C-42949
Sublocalización o colección R.82663
Holdings
Estatus retirado Estado de pérdida Estado de daño No para préstamo Biblioteca de origen Biblioteca actual Ubicación en estantería Fecha de adquisición Fuente de adquisición Total de préstamos Signatura topográfica completa Código de barras Visto por última vez Precio de reemplazo Tipo de ítem Koha
        Biblioteca del Ateneo de Madrid Biblioteca del Ateneo de Madrid Depósito 2 17/01/2008     C-42949 1097158 23/02/2023 23/02/2023 Libro impreso